| 000 | 00940nam a22002897a 4500 | ||
|---|---|---|---|
| 001 | 2793 | ||
| 003 | CO-MdFUSB | ||
| 005 | 20251113111227.0 | ||
| 008 | 171127t1 sp ||||| |||| 00| 0 spa d | ||
| 020 | _a84-8267-057-3 | ||
| 040 |
_aCO-MdFUSB _bspa _cCO-MdFUSB _dCO-MdFUSBC _erda |
||
| 041 | 0 |
_aspa _heng |
|
| 082 | 0 | 4 |
_223 _a226.6 _bG6525s |
| 100 | 1 |
_aGooding, David W. (Willoughby) _eautor |
|
| 240 | _aTrue to the faith | ||
| 245 | 1 | 0 |
_aSegún Hechos : _bpermaneciendo fiel a la fe _c/ David Gooding ; traducido por Daniel Menezo |
| 264 | 1 |
_aBarcelona, España : _b CLIE-Andamio, _c[1998] |
|
| 264 | 4 | _c©1998 | |
| 300 | _a466 páginas | ||
| 336 |
_2rdacontent _atexto _btxt |
||
| 337 |
_2rdamedia _asin mediación _bn |
||
| 338 |
_2rdacarrier _avolumen _bnc |
||
| 500 | _aTítulo original : True to the faith | ||
| 653 | _aInterpretación de la Biblia N.T - Hechos de los apóstoles | ||
| 942 | _cBK | ||
| 945 | _aJTF-925 | ||
| 999 |
_c33540 _d33540 |
||